| 000 -LEADER |
| fixed length control field |
00968nam a22001817a 4500 |
| 005 - DATE AND TIME OF LATEST TRANSACTION |
| control field |
20241026103411.0 |
| 008 - FIXED-LENGTH DATA ELEMENTS--GENERAL INFORMATION |
| fixed length control field |
241010b ||||| |||| 00| 0 eng d |
| 040 ## - CATALOGING SOURCE |
| Transcribing agency |
SSBUL |
| 082 ## - DEWEY DECIMAL CLASSIFICATION NUMBER |
| Edition number |
23 |
| Classification number |
၂၉၄.၃၄၃၅၀၉ ဥတ် |
| Item number |
၉၁၂၂ S-SAT |
| 100 0# - MAIN ENTRY--PERSONAL NAME |
| Personal name |
ဥတ္တရ၊ ဦး |
| 9 (RLIN) |
17263 |
| 245 1# - TITLE STATEMENT |
| Title |
ရှင်မဟာကဿပထေရ်ဂုဏ်ဆီ ခေါ် အလောင်းတော်ကဿပ သမိုင်းအကျဉ်းချုပ်ကျမ်း / |
| Statement of responsibility, etc. |
ဦးဥတ္တရ။ |
| 260 ## - PUBLICATION, DISTRIBUTION, ETC. |
| Place of publication, distribution, etc. |
[ထုတ်ဝေသည့်နေရာမပါ] ၊ |
| Name of publisher, distributor, etc. |
[ထုတ်ဝေသူမပါ]၊ |
| Date of publication, distribution, etc. |
[ခုနှစ်မပါ]။ |
| 300 ## - PHYSICAL DESCRIPTION |
| Extent |
၆၇ စာမျက်နှာ ၊ |
| Dimensions |
၁၇ စင်တီ။ |
| 500 ## - GENERAL NOTE |
| General note |
S-SAT: Dr. Sai Aung Tun |
| 650 ## - SUBJECT ADDED ENTRY--TOPICAL TERM |
| Topical term or geographic name entry element |
အလောင်းတော်ကဿပ |
| 9 (RLIN) |
55013 |
|
| Topical term or geographic name entry element |
အလောင်းတော်ကဿပ |
| General subdivision |
သမိုင်း |
| 9 (RLIN) |
55070 |
| 942 ## - ADDED ENTRY ELEMENTS (KOHA) |
| Source of classification or shelving scheme |
|
| Koha item type |
Book (Short term) |